000 00925nac a22003250a 4500
001 PT19693
003 AR-LpoUNG
005 20210201005101.0
008 201001s1993||||sp |||||||||||||||||spa d
020 _a8475834663
_c$6.66
040 _aAR-LpoUNG
_bspa
_eaacr
041 _aspa
044 _asp
082 0 _aR900 766v27
100 1 _aHamblin, Dora Jane
245 1 4 _aLas primeras ciudades
260 _aBarcelona :
_bFolio,
_c1993.
300 _a87 p. :
_bil.
_a(42
_fVolúmenes)
_3Impreso
490 0 _aOrígenes del hombre
520 _aNacimiento de un nuevo estilo de vida; Las murallas de Jericó; Los santuarios de Çatal Hüyük; La artesanía doméstica.
650 4 _aCULTURA
650 4 _aEGIPTO
650 4 _aMATERIAL DE REFERENCIA
650 4 _aSOCIEDAD
651 4 _aDOCUMENTOS TEORICOS O METODOLOGICOS
653 _aGEROGLIFICO
653 _aMAES
905 _a19693
942 _cLSALA
999 _c48384
_d48384